Statystyki dla Totalna Porażka: Zemsta Wyspy Eliminacja

Kliknij tutaj aby rozwiązać quiz!

Ogólne statystyki

  • Ten quiz został rozwiązany 59 razy
  • Średni wynik to 11 z 14

Statystyki odpowiedzi

HintOdpowiedź% Poprawnych
12B
88%
11Dawn
88%
4Scott
85%
3Zoey
85%
14Staci
82%
13Dakota
79%
5Jo
79%
6Mike
74%
2Cameron
71%
1Lightning
68%
10Sam
68%
9Brick
65%
8Anna Maria
62%
7Dakota
56%

Rozkład punktacji

Percentyl według liczby udzielonych odpowiedzi

Procent ludzi z każdym wynikiem

Twoja historia wyników

Nie rozwiązałeś tego quizu